| 000 | 00965nam a2200289 i 4500 | ||
|---|---|---|---|
| 001 | bg | ||
| 100 | 1 | _aOkła, Marzena. | |
| 245 | 1 | 0 |
_aPrawo gospodarcze : _bwzory z objaśnieniami, literaturą i orzecznictwem oraz płytą CD / _cMarzena Okła. |
| 250 | _aWyd. 3. | ||
| 260 |
_aWarszawa : _bWydawnictwo C.H. Beck, _c2008. |
||
| 300 |
_aXXIII, [1], 728 s. ; _c25 cm + _edysk optyczny (CD-ROM). |
||
| 490 | 1 |
_aWielki Zbiór Pism _vt. 5 |
|
| 504 | _aBibliogr. przy rozdz. Indeks. | ||
| 650 | 9 |
_aUmowa _xgospodarka _zPolska _ystan na 2004 r. |
|
| 655 | _aTablice i wzory | ||
| 830 | _aWielki Zbiór Pism | ||
| 015 | _aPB 15467/2008 | ||
| 020 | _a9788374834018 | ||
| 040 | _cBPK | ||
| 041 | _apol | ||
| 044 | _aPOL | ||
| 080 | _a346.3(438) | ||
| 920 |
_a978-83-7483-401-8 : _czł 199 |
||
| 942 | _cKS | ||
| 008 | 080610s2008 pl |001 0 pol | ||
| 999 |
_c55288 _d55288 |
||
| 856 |
_uhttp://koha.tu.koszalin.pl/cgi-bin/koha/opac-detail.pl?biblionumber=55288 _yKatalog online BPK |
||